Statistics for Top 10 Countries that Produce the Most Buffalo Milk

Click here to take the quiz!

General Stats

  • This quiz has been taken 43 times
  • The average score is 6 of 10

Answer Stats

TonnesCountry% Correct
70,000,000India
100%
3,050,000China
97%
24,370,000Pakistan
86%
65,000Iran
69%
1,188,433Nepal
58%
51,947Turkey
58%
2,614,500Egypt
56%
65,000Sri Lanka
50%
309,000Myanmar
44%
194,893Italy
25%

Score Distribution

Percentile by Number Answered

Percent of People with Each Score

Your Score History

You have not taken this quiz